| 000 | 00802cam a22002411 4500 | ||
|---|---|---|---|
| 001 | e 56000134 | ||
| 003 | DLC | ||
| 005 | 20260227111235.0 | ||
| 008 | 830613s1956 dcua 000 0 eng | ||
| 010 | _ae 56000134 | ||
| 035 | _a(OCoLC)16764428 | ||
| 040 |
_aDLC _cOrPS _dOCoLC _dDLC |
||
| 042 | _apremarc | ||
| 043 | _an-us--- | ||
| 050 | 0 | 0 |
_aLB3209 _b.T3 |
| 100 | 1 | _aTaylor, James L. | |
| 245 | 1 | 4 |
_aThe secondary school plant; _ban approach for planning functional facilities. |
| 260 |
_a[Washington] _bU.S. Dept. of Health, Education, and Welfare, Office of Education _c[1956] |
||
| 300 |
_aviii, 60 p. _billus. _c20 x 26 cm. |
||
| 650 | 0 |
_aSchool buildings _zUnited States. |
|
| 650 | 0 | _aEducation, Secondary. | |
| 810 | 1 |
_aUnited States. _tOffice of Education Special publication ; _vno. 5. |
|
| 999 |
_c22256 _d22256 |
||